<?xml version="1.0" encoding="UTF-8"?>
<record
    xmlns:xsi="http://www.w3.org/2001/XMLSchema-instance"
    xsi:schemaLocation="http://www.loc.gov/MARC21/slim http://www.loc.gov/standards/marcxml/schema/MARC21slim.xsd"
    xmlns="http://www.loc.gov/MARC21/slim">

  <leader>01527nam a22002657a 4500</leader>
  <controlfield tag="003">Uzh_bibl</controlfield>
  <controlfield tag="008">240202b        |||||||| |||| 00| 0 ukr d</controlfield>
  <datafield tag="020" ind1=" " ind2=" ">
    <subfield code="a">978-966-2909-31-9</subfield>
    <subfield code="c">25 &#x433;&#x440;&#x43D;.</subfield>
  </datafield>
  <datafield tag="040" ind1=" " ind2=" ">
    <subfield code="b">&#x443;&#x43A;&#x440;.</subfield>
  </datafield>
  <datafield tag="041" ind1=" " ind2=" ">
    <subfield code="2">eng</subfield>
    <subfield code="a">ukr</subfield>
  </datafield>
  <datafield tag="080" ind1=" " ind2=" ">
    <subfield code="a">821.161.1</subfield>
  </datafield>
  <datafield tag="090" ind1=" " ind2=" ">
    <subfield code="a">821.161.1</subfield>
    <subfield code="b">&#x42F;65</subfield>
  </datafield>
  <datafield tag="100" ind1=" " ind2=" ">
    <subfield code="a">&#x42F;&#x43D;&#x441;&#x43E;&#x43D;, &#x422;&#x443;&#x432;&#x435;</subfield>
  </datafield>
  <datafield tag="245" ind1=" " ind2=" ">
    <subfield code="a">&#x41C;&#x435;&#x43C;&#x443;&#x430;&#x440;&#x438; &#x422;&#x430;&#x442;&#x430; &#x41C;&#x443;&#x43C;&#x456;-&#x442;&#x440;&#x43E;&#x43B;&#x44F;</subfield>
    <subfield code="c">&#x43F;&#x435;&#x440;. &#x437; &#x430;&#x43D;&#x433;&#x43B;. &#x41D;. &#x406;&#x432;&#x430;&#x43D;&#x438;&#x447;&#x443;&#x43A;; &#x445;&#x443;&#x434;&#x43E;&#x436;&#x43D;.&#x422;. &#x42F;&#x43D;&#x441;&#x43E;&#x43D;</subfield>
    <subfield code="h">&#x422;&#x435;&#x43A;&#x441;&#x442;</subfield>
  </datafield>
  <datafield tag="260" ind1=" " ind2=" ">
    <subfield code="a">&#x41B;&#x44C;&#x432;&#x456;&#x432;</subfield>
    <subfield code="b">&#x412;&#x438;&#x434;&#x430;&#x432;&#x43D;&#x438;&#x446;&#x442;&#x432;&#x43E; &#x421;&#x442;&#x430;&#x440;&#x43E;&#x433;&#x43E; &#x41B;&#x435;&#x432;&#x430;</subfield>
    <subfield code="c">2009 &#x440;.</subfield>
  </datafield>
  <datafield tag="300" ind1=" " ind2=" ">
    <subfield code="a">250 &#x441;.</subfield>
    <subfield code="b">&#x456;&#x43B;.</subfield>
    <subfield code="f">&#x412; &#x43E;&#x43F;&#x440;.</subfield>
  </datafield>
  <datafield tag="490" ind1=" " ind2=" ">
    <subfield code="a">&#x421;&#x435;&#x440;&#x456;&#x44F; "&#x427;&#x438;&#x442;&#x430;&#x43D;&#x43D;&#x44F; &#x434;&#x43B;&#x44F; &#x440;&#x435;&#x433;&#x43E;&#x442;&#x430;&#x43D;&#x43D;&#x44F;"</subfield>
  </datafield>
  <datafield tag="520" ind1=" " ind2=" ">
    <subfield code="a">&#x42F;&#x43A;&#x43E;&#x441;&#x44C; &#x422;&#x430;&#x442;&#x43E; &#x41C;&#x443;&#x43C;&#x456;-&#x442;&#x440;&#x43E;&#x43B;&#x44F; &#x437;&#x430;&#x441;&#x442;&#x443;&#x434;&#x438;&#x432;&#x441;&#x44F;. &#x429;&#x43E;&#x431; &#x43D;&#x435; &#x43D;&#x443;&#x434;&#x438;&#x442;&#x438;&#x441;&#x44F; &#x432; &#x43B;&#x456;&#x436;&#x43A;&#x443;, &#x432;&#x456;&#x43D; &#x43F;&#x43E;&#x447;&#x430;&#x432; &#x43F;&#x438;&#x441;&#x430;&#x442;&#x438; &#x43A;&#x43D;&#x438;&#x433;&#x443; &#x43F;&#x440;&#x43E; &#x441;&#x432;&#x43E;&#x454; &#x434;&#x438;&#x442;&#x438;&#x43D;&#x441;&#x442;&#x432;&#x43E; &#x456; &#x43C;&#x43E;&#x43B;&#x43E;&#x434;&#x456;&#x441;&#x442;&#x44C;. &#x422;&#x430;&#x43A; &#x437;`&#x44F;&#x432;&#x438;&#x43B;&#x438;&#x441;&#x44F; &#x43D;&#x430; &#x441;&#x432;&#x456;&#x442; "&#x41C;&#x435;&#x43C;&#x443;&#x430;&#x440;&#x438; &#x422;&#x430;&#x442;&#x430; &#x41C;&#x443;&#x43C;&#x456;-&#x442;&#x440;&#x43E;&#x43B;&#x44F;" - &#x43A;&#x43D;&#x438;&#x433;&#x430;, &#x43F;&#x43E;&#x432;&#x43D;&#x430; &#x434;&#x438;&#x432;&#x43E;&#x432;&#x438;&#x436;&#x43D;&#x438;&#x445; &#x43F;&#x440;&#x438;&#x433;&#x43E;&#x434; &#x456; &#x43D;&#x435;&#x439;&#x43C;&#x43E;&#x432;&#x456;&#x440;&#x43D;&#x438;&#x445; &#x456;&#x441;&#x442;&#x43E;&#x440;&#x456;&#x439; &#x456;&#x437; &#x436;&#x438;&#x442;&#x442;&#x44F; &#x41C;&#x443;&#x43C;&#x456;-&#x442;&#x440;&#x43E;&#x43B;&#x435;&#x432;&#x43E;&#x433;&#x43E; &#x442;&#x430;&#x442;&#x43A;&#x430;, &#x430; &#x442;&#x430;&#x43A;&#x43E;&#x436; &#x431;&#x430;&#x442;&#x44C;&#x43A;&#x456;&#x432; &#x41D;&#x44E;&#x445;&#x43C;&#x443;&#x43C;&#x440;&#x438;&#x43A;&#x430; &#x456; &#x427;&#x43C;&#x438;&#x445;&#x430;.</subfield>
  </datafield>
  <datafield tag="521" ind1=" " ind2=" ">
    <subfield code="a">&#x414;&#x43B;&#x44F; &#x43C;&#x43E;&#x43B;&#x43E;&#x434;&#x448;&#x43E;&#x433;&#x43E; &#x442;&#x430; &#x441;&#x435;&#x440;&#x435;&#x434;&#x43D;&#x44C;&#x43E;&#x433;&#x43E; &#x448;&#x43A;&#x456;&#x43B;&#x44C;&#x43D;&#x43E;&#x433;&#x43E; &#x432;&#x456;&#x43A;&#x443;.</subfield>
  </datafield>
  <datafield tag="546" ind1=" " ind2=" ">
    <subfield code="a">&#x443;&#x43A;&#x440;.</subfield>
  </datafield>
  <datafield tag="650" ind1=" " ind2=" ">
    <subfield code="a">&#x41B;&#x456;&#x442;&#x435;&#x440;&#x430;&#x442;&#x443;&#x440;&#x43D;&#x43E;-&#x445;&#x443;&#x434;&#x43E;&#x436;&#x43D;&#x454; &#x432;&#x438;&#x434;&#x430;&#x43D;&#x43D;&#x44F;</subfield>
  </datafield>
  <datafield tag="653" ind1=" " ind2=" ">
    <subfield code="a">&#x41D;&#x435;&#x439;&#x43C;&#x43E;&#x432;&#x456;&#x440;&#x43D;&#x456; &#x456;&#x441;&#x442;&#x43E;&#x440;&#x456;&#x457;</subfield>
    <subfield code="a">&#x422;&#x440;&#x43E;&#x43B;&#x456; </subfield>
    <subfield code="a">&#x41F;&#x440;&#x438;&#x433;&#x43E;&#x434;&#x438;</subfield>
  </datafield>
  <datafield tag="655" ind1=" " ind2=" ">
    <subfield code="a">&#x41F;&#x440;&#x438;&#x433;&#x43E;&#x434;&#x438;</subfield>
    <subfield code="v">[&#x420;&#x43E;&#x43C;&#x430;&#x43D;]</subfield>
  </datafield>
  <datafield tag="942" ind1=" " ind2=" ">
    <subfield code="2">udc</subfield>
    <subfield code="c">BK</subfield>
  </datafield>
  <datafield tag="999" ind1=" " ind2=" ">
    <subfield code="c">8505</subfield>
    <subfield code="d">8505</subfield>
  </datafield>
  <datafield tag="952" ind1=" " ind2=" ">
    <subfield code="0">0</subfield>
    <subfield code="1">0</subfield>
    <subfield code="2">udc</subfield>
    <subfield code="4">0</subfield>
    <subfield code="7">0</subfield>
    <subfield code="a">F2</subfield>
    <subfield code="b">F2</subfield>
    <subfield code="c">ABS</subfield>
    <subfield code="d">2024-02-02</subfield>
    <subfield code="i">62042</subfield>
    <subfield code="l">0</subfield>
    <subfield code="o">821.161.1</subfield>
    <subfield code="p">9591</subfield>
    <subfield code="r">2024-02-02</subfield>
    <subfield code="w">2024-02-02</subfield>
    <subfield code="y">BK</subfield>
  </datafield>
</record>
